000 00437ntaaa2200181 4500
003 01
005 20251027202508.0
008 0714s1973 ag 01
040 _aAR-BaBN
_bspa
_cAR-BaBN
_eaacr
_dRIC
082 _a220.9100 P47
245 _aBaker's Bible Atlas
250 _a1 ed.
260 _as/d :
_bBaker Book House,
_c1961
300 _a333p.
650 _aAtlas BĂ­blico
_9245
700 _aPfeiffer, Charles F.
_9233
942 _cBK
999 _c19983
_d19983